000 00818nam a2200229 a 4500
003 DO-SdBNP
005 20221115141742.0
007 ta
008 221115e2003 |||ao||gr|||| 001 hdspa d
040 _aDO-SdBNP
_bspa
_cBNPHU
082 4 _222
_bB862p
245 1 0 _aPrimera maestría del Curna, en bromas../
_cCompilación y prólogo, Martín Brito Grabriel
260 _a[Nagua, María Trinidad Sánchez] :
_bCentro de Fotocopias José,
_c2003
300 _a73, [13] p. :
_bil., fotogr.
_c21 cm.
500 _aIncluye biografía del compilador en la contracubierta.
590 _aInventariado 2022 / MF
650 4 _99140
_aDécima
_xRepública Dominicana
650 4 _982621
_aLiteratura
_xDécimas
_zRepública Dominicana
700 1 _aBrito Grabriel ,Martín
_e comp.
_982828
910 _aMFeliz
942 _2ddc
_cLBS1
999 _c52940
_d52940